| 000 | 01375nam0a2200361 i 4500 | ||
|---|---|---|---|
| 001 | RU\NLR\bibl\2047793 | ||
| 005 | 20241103201002.0 | ||
| 010 |
_a9785209053972 _9500 |
||
| 021 |
_aRU _b2013-43349 _92997 |
||
| 035 | _a(nilc)RuMoRGB-006590883 | ||
| 035 | _a(NLR Aleph) 002034917 | ||
| 090 |
_a4568349 _c4568349 |
||
| 100 | _a20130603d2013 u y0rusy50 ca | ||
| 101 | 0 | _arus | |
| 102 | _aRU | ||
| 105 | _ay zzzz||||| | ||
| 200 | 1 |
_aРелигиозно-философское учение Ямуначарьи _fР. В. Псху |
|
| 210 |
_aМосква _cРоссийский университет дружбы народов _d2013 _eМосква _gРоссийский ун-т дружбы народов |
||
| 215 |
_a166 с. _d21 |
||
| 320 | _aБиблиогр.: с. 133-137, 161-162 и в подстроч. примеч. | ||
| 600 | 0 |
_aЯмуначарья _92208131 _3RU\NLR\AUTH\6601560795 |
|
| 686 | 2 | _aЭ331.2 | |
| 700 | 1 |
_aПсху _bР. В. _gРузана Владимировна _4070 |
|
| 702 | 0 |
_4570 _7ca _8rus _aЯмуначарья _f-1041 _9244813 _3RU\NLR\AUTH\770244869 |
|
| 801 | 0 |
_aRU _bRuMoRKP _c20130603 _gRCR |
|
| 801 | 2 |
_aRU _bРГБ _c20130614 |
|
| 801 | 1 |
_aRU _bRuMoRKP _c20130603 _2rusmarc |
|
| 801 | 2 |
_aRU _bNLR _c20130627 _grcr |
|
| 942 | _cBOOK | ||
| 980 | _aNBR | ||